La vida en verso. Ha llegado Don Juan. El lebrel del cielo. Servir: cuatro comedias (1951-1952)

Uloženo v:
Podrobná bibliografie
Hlavní autor: Benavente, Jacinto
Médium: Kniha
Jazyk:Undetermined
Vydáno: Madrid, España Aguilar 1953
Témata:
Tagy: Přidat tag
Žádné tagy, Buďte první, kdo vytvoří štítek k tomuto záznamu!

MARC

LEADER 00000nam a2200000Ia 4500
008 170316s9999 xx 000 0 und d
040 |a cru BVZT 
090 |a 862 B-9v 
100 |a Benavente, Jacinto 
245 |a La vida en verso. Ha llegado Don Juan. El lebrel del cielo. Servir: cuatro comedias (1951-1952) 
260 |a Madrid, España 
260 |b Aguilar 
260 |c 1953 
300 |a 258 páginas 
650 |a LITERATURA ESPAÑOLA 
650 |a COMEDIAS 
999 |c 9609  |d 9609 
942 |c 15 D  |h 862 B-9v  |2 z